| 000 | 00764nam a2200229 i 4500 | ||
|---|---|---|---|
| 001 | 42088 | ||
| 003 | ES-MaACL | ||
| 005 | 20240601063022.0 | ||
| 007 | t| | ||
| 008 | 030312s1964 sp ||||1| spa d | ||
| 100 | 1 |
_aCastañón, Jesús. _936443 |
|
| 245 | 1 | 0 |
_aRueda del girasol / _cJesús Castañón Díaz ; prólogo: Vicente García de Diego ; epílogo: José Hierro. |
| 260 |
_aPalencia : _b[s.n., _c1964] ( _fImp. Merino) |
||
| 300 |
_a88 p. ; _c22 cm. |
||
| 490 | 1 |
_aColección Rocamador ; _v44 |
|
| 700 | 1 |
_aGarcía de Diego, Vicente, _d1878-1978 _954421 |
|
| 700 | 1 |
_aHierro, José, _d1922-2002 _963619 |
|
| 830 | 0 | 0 |
_aRocamador (Serie) ; _v44 _9236737 |
| 852 |
_aES-MaACL _j2089-F-23 _bR.89039 |
||
| 942 | _2udc | ||
| 999 |
_c42088 _d42088 |
||